000 00658cam a22002291 4500
001 ne 63000291
003 DLC
005 20260227111741.0
008 890120m19609999ua 000 0 ara c
010 _ane 63000291
025 _aPL480:UAR-484
035 _a(OCoLC)19045471
040 _aPrinceton Univ. Libr.
_cWaU
_dWaU
_dDLC
042 _apremarc
050 0 0 _aPJ7515
_b.B3
100 1 _aBadawī, Aḥmad Aḥmad,
245 1 0 _aMin al-naqd wa-al-adab,
_cbi-qalam Aḥmad Aḥmad Badawī.
260 _a[al-Qāhirah],
_bMaktabat Nahḍat Miṣr,
_c1960-
300 _av.
_c24 cm.
500 _aVol. 1: al-Ṭabʻah 2.
650 0 _aArabic literature.
999 _c45553
_d45553